The dictator files: Nicolae Ceaușescu - Statistics

General Stats
  • This quiz has been taken 32 times
  • The average score is 4 of 15
Answer Stats
Hint Answer % Correct
Country that he ruled Romania
100%
Year of his execution 1989
56%
Country that he refused to attack in 1968 Czechoslovakia
52%
What year did he became dictator? 1967
44%
What was the name of Ceaușescu's wife? Elena
44%
He refused to join the boycott of the Olympics in 1984 that took place in this city Los Angeles
44%
His type of execution Firing squad
33%
What was the name of Ceaușescu's son? Nicu
19%
What party did Nicolae Ceaușescu led? Romanian Communist Party
19%
His most notable project, which is the heaviest building in the world Palace of the Parliament
11%
City that he visited in 1971 Pyongyang
7%
His previous job Shoemaker
7%
How him and his wife were called? Geniuses of the Carpathians
4%
His last meal Onion omlette
0%
Title that he gave himself in 1974 President of the Republic
0%
No matching quizzes found
Score Distribution
Percent of People with Each Score
Percentile by Number Answered
Your Score History
You have not taken this quiz